Logo CIB grande

INTRODUCCION A LA CONTABILIDAD ADMINISTRATIVA (Registro nro. 219953)

Detalles MARC
000 -LEADER
campo de control de longitud fija 00839nam a2200301Ia 4500
005 - FECHA Y HORA DE LA ÚLTIMA TRANSACCIÓN
campo de control 20250425161956.0
008 - DATOS DE LONGITUD FIJA--INFORMACIÓN GENERAL
campo de control de longitud fija 250425s9999 xx 000 0 und d
020 ## - NÚMERO INTERNACIONAL ESTÁNDAR DEL LIBRO
Número Internacional Estándar del Libro 9701703871
041 ## - CÓDIGO DE IDIOMA
Código de lengua del texto/banda sonora o título independiente spa
043 ## - CÓDIGO DE ÁREA GEOGRÁFICA
Código de área geográfica mx
082 ## - NÚMERO DE LA CLASIFICACIÓN DECIMAL DEWEY
Número de clasificación 657.48
010 ## - NÚMERO DE CONTROL DE LA BIBLIOTECA DEL CONGRESO
Número de control de LC 38259
100 ## - ENTRADA PRINCIPAL--NOMBRE DE PERSONA
Nombre de persona HORNGREN, CHARLES T.
245 #0 - MENCIÓN DEL TÍTULO
Título INTRODUCCION A LA CONTABILIDAD ADMINISTRATIVA
250 ## - MENCION DE EDICION
Mención de edición 11A ED.
260 ## - PUBLICACIÓN, DISTRIBUCIÓN, ETC.
Lugar de publicación, distribución, etc. MEXICO
260 ## - PUBLICACIÓN, DISTRIBUCIÓN, ETC.
Lugar de publicación, distribución, etc. México
Nombre del editor, distribuidor, etc. PEARSON EDUCACION, MEXICO
Fecha de publicación, distribución, etc. 2001
300 ## - DESCRIPCIÓN FÍSICA
Extensión 609
500 ## - NOTA GENERAL
Nota general Título Traducido: MANAGEMENT ACCOUNTING
650 ## - PUNTO DE ACCESO ADICIONAL DE MATERIA--TÉRMINO DE MATERIA
Término de materia o nombre geográfico como elemento de entrada CONTABILIDAD DE COSTOS
650 ## - PUNTO DE ACCESO ADICIONAL DE MATERIA--TÉRMINO DE MATERIA
Término de materia o nombre geográfico como elemento de entrada CONTABILIDAD DE COSTOS
650 ## - PUNTO DE ACCESO ADICIONAL DE MATERIA--TÉRMINO DE MATERIA
Término de materia o nombre geográfico como elemento de entrada CONTABILIDAD-AUTOMATIZACION
650 ## - PUNTO DE ACCESO ADICIONAL DE MATERIA--TÉRMINO DE MATERIA
Término de materia o nombre geográfico como elemento de entrada CONTABILIDAD-AUTOMATIZACION
650 ## - PUNTO DE ACCESO ADICIONAL DE MATERIA--TÉRMINO DE MATERIA
Término de materia o nombre geográfico como elemento de entrada ESTADOS FINANCIEROS
650 ## - PUNTO DE ACCESO ADICIONAL DE MATERIA--TÉRMINO DE MATERIA
Término de materia o nombre geográfico como elemento de entrada ESTADOS FINANCIEROS
700 ## - ENTRADA AGREGADA--NOMBRE PERSONAL
Nombre de persona FRANCISCO REYES GUERRERO
Término indicativo de función/relación traductor
942 ## - ELEMENTOS DE ENTRADA SECUNDARIOS (KOHA)
Tipo de ítem Koha Libros
Existencias
Estatus retirado Estado de pérdida Estado de daño No para préstamo Biblioteca de origen Biblioteca actual Ubicación en estantería Fecha de adquisición Coste, precio normal de compra Total de préstamos Código de barras Copia número Nota pública Tipo de ítem Koha Etiqueta RFID
        CENTRO DE INFORMACIÓN BIBLIOTECARIA CENTRO DE INFORMACIÓN BIBLIOTECARIA   15/10/2004 27.00   41349 2   Libros  
        CENTRO DE INFORMACIÓN BIBLIOTECARIA CENTRO DE INFORMACIÓN BIBLIOTECARIA   04/12/2003 27.00   41350 3   Libros  
        CENTRO DE INFORMACIÓN BIBLIOTECARIA CENTRO DE INFORMACIÓN BIBLIOTECARIA   12/07/2013 30.00   56797 4   Libros  
        CENTRO DE INFORMACIÓN BIBLIOTECARIA CENTRO DE INFORMACIÓN BIBLIOTECARIA   12/07/2013 30.00   56798 5   Libros 0000000000000000018413
        CENTRO DE INFORMACIÓN BIBLIOTECARIA CENTRO DE INFORMACIÓN BIBLIOTECARIA   20/01/2006 32.00   32482 1   Libros  
        ESCUELA DE NEGOCIOS ESCUELA DE NEGOCIOS   18/10/2003 10.00   D-P 07108 8 DONADO    
        ESCUELA DE NEGOCIOS ESCUELA DE NEGOCIOS   06/07/2009 10.00   D-P 09734 9 DONADO    
        ESCUELA DE NEGOCIOS ESCUELA DE NEGOCIOS   28/06/2009 10.00   D-P 10060 10 DONADO    
        ESCUELA DE NEGOCIOS ESCUELA DE NEGOCIOS   16/08/2001 25.00   D-P 01914 7 DONADO    
        ESCUELA DE NEGOCIOS ESCUELA DE NEGOCIOS   18/09/2001 35.00   CP-01734 6 COMPRA    
        ESCUELA DE NEGOCIOS ESCUELA DE NEGOCIOS   17/11/2011 35.00   D-P 10872 11 DONADO    

Copyright 2025 ESPOL. Todos los derechos reservados.